01208nam a2200265 a 450000100100000000500170001000800410002702000180006804000250008608200200011110000360013124501150016726000350028230000270031750400370034465000560038170000280043770000290046504900090049471000520050395201320055595201170068795201230080499900150092700000335420240307073941.0090708s2009 dr a 000 0 spa d a9789993425861 aDO-SdBNPbspacBNPHU a612.0078bC257f1 aCaraballo Garó, Rut M.91051010aFisiología humana II :bmanual de prácticas /cRut M. Caraballo Garó, Mariano Estrada, Ginny Marmolejos. aSanto Domingo :bINTEC,c2009. a60 p. :bil. ;c28 cm. aIncluye bibliografías (p. 60 ) 4aFisiología humanavMANUALES DE LABORATORIO9105111 aEstrada, Mariano9105121 aMarmolejos, Ginny910513 aBNPD2 aInstituto Tecnológico de Santo Domingo978911 001054708DSaGRbGRcCTd2010-02-23iLF1l0o612.0078 C257fp3354-40r2020-06-25te. 3w2020-06-25yLFDSZPréstamo en sala 0010718PDaPDbPDcCTd2009-07-08iLF1l0o612.0078 C257fp3354-10r2020-06-25w2020-06-25yLFPDZNo se presta 0010718PDaPDbPDcCTd2009-07-08iLF1l0o612.0078 C257fp3354-20r2020-06-25te. 2w2020-06-25yLFPDZNo se presta c3185d3185